Statistics for Conflicts in the Middle East

Click here to take the quiz!

General Stats

  • This quiz has been taken 27 times
  • The average score is 20 of 26

Answer Stats

ConflictDate% Correct
Iraq War2003
100%
Arab - Israeli Conflict1948
95%
Iranian Revolution1979
95%
World War One1914
90%
Gulf War1990
90%
Black September(Jordanian Civil War)1970
86%
Lebanese Civil War1975
86%
Kurdish - Turkish Conflict1978
86%
Shia Insurgency in Bahrain2011
86%
Yemeni Civil War2015
86%
Persian Gulf crisis2019
86%
Yemeni - Adenese clan violence1956
81%
Dhofar Rebellion1963
81%
First Sadr Uprising1980
81%
Turkish War of Independence1919
76%
Adwan Rebellion1923
76%
Jebel Akhdar War1954
76%
Hama riot1964
76%
Operation Desert Fox1998
76%
Yazidi revolt1935
71%
Franco - Syrian War1920
67%
SImele massacre1933
67%
Dersim Rebellion1937
67%
Nahl al-Bared fighting2007
62%
Unification of Saudi Arabia1902
52%
Zaraniq Rebellion1909
52%

Score Distribution

Percentile by Number Answered

Percent of People with Each Score

Your Score History

You have not taken this quiz